Elements of public health engineering (Record no. 12152)

000 -LEADER
fixed length control field 00458nam a22001817a 4500
001 - CONTROL NUMBER
control field 12152
003 - CONTROL NUMBER IDENTIFIER
control field BD-DhUET
008 - FIXED-LENGTH DATA ELEMENTS--GENERAL INFORMATION
fixed length control field 150224b xxu||||| |||| 00| 0 eng d
040 ## - CATALOGING SOURCE
Original cataloging agency DLC
Transcribing agency DLC
Modifying agency BD-DhUET
082 ## - DEWEY DECIMAL CLASSIFICATION NUMBER
Classification number 628
Item number DUG/1984
100 ## - MAIN ENTRY--PERSONAL NAME
Personal name Duggal, K. N.
245 ## - TITLE STATEMENT
Title Elements of public health engineering
250 ## - EDITION STATEMENT
Edition statement 3rd ed.
260 ## - PUBLICATION, DISTRIBUTION, ETC. (IMPRINT)
Place of publication, distribution, etc. New Delhi
Name of publisher, distributor, etc. S. Chand
Date of publication, distribution, etc. 1984
300 ## - PHYSICAL DESCRIPTION
Extent 412p.
Other physical details illus.
650 #0 - SUBJECT ADDED ENTRY--TOPICAL TERM
Topical term or geographic name as entry element Public health engineering
942 ## - ADDED ENTRY ELEMENTS (KOHA)
Koha item type General Book
Holdings
Damaged status Koha item type Koha full call number Shelving location Price effective from Piece designation (barcode) Copy number Sublocation or collection (holding branch) Koha date last seen Koha normalized classification for sorting Location (home branch) Not for loan Withdrawn status Lost status Date acquired Source of classification or shelving scheme
 General Book624/DUG/1991Circulation section2015-02-24830321Central Library, BUET2015-02-24624_000000000000000_DUG_1991Central Library, BUET   2015-02-24 
 General Book624/DUG/1991Circulation section2015-02-24581382Central Library, BUET2015-02-24624_000000000000000_DUG_1991Central Library, BUET   2015-02-24 
 Reading Item628/DUG/1984Reading section2015-06-30581343Central Library, BUET2015-06-30628_000000000000000_DUG_1984Central Library, BUET   2015-06-30